<?xml version="1.0" encoding="UTF-8"?><?xml-stylesheet type="text/xsl" href="static/style.xsl"?><OAI-PMH xmlns="http://www.openarchives.org/OAI/2.0/" xmlns:xsi="http://www.w3.org/2001/XMLSchema-instance" xsi:schemaLocation="http://www.openarchives.org/OAI/2.0/ http://www.openarchives.org/OAI/2.0/OAI-PMH.xsd"><responseDate>2026-06-02T00:41:54Z</responseDate><request verb="GetRecord" identifier="oai:riuma.uma.es:10630/26291" metadataPrefix="marc">https://riuma.uma.es/rest/oai/request</request><GetRecord><record><header><identifier>oai:riuma.uma.es:10630/26291</identifier><datestamp>2026-02-03T11:10:33Z</datestamp><setSpec>com_10630_2254</setSpec><setSpec>col_10630_37953</setSpec></header><metadata><record xmlns="http://www.loc.gov/MARC21/slim" xmlns:dcterms="http://purl.org/dc/terms/" xmlns:doc="http://www.lyncode.com/xoai" xmlns:xsi="http://www.w3.org/2001/XMLSchema-instance" xsi:schemaLocation="http://www.loc.gov/MARC21/slim http://www.loc.gov/standards/marcxml/schema/MARC21slim.xsd">
   <leader>00925njm 22002777a 4500</leader>
   <datafield ind2=" " ind1=" " tag="042">
      <subfield code="a">dc</subfield>
   </datafield>
   <datafield ind2=" " ind1=" " tag="720">
      <subfield code="a">Morales-Benítez, Irene</subfield>
      <subfield code="e">author</subfield>
   </datafield>
   <datafield ind2=" " ind1=" " tag="720">
      <subfield code="a">Montoro-Leal, Pablo</subfield>
      <subfield code="e">author</subfield>
   </datafield>
   <datafield ind2=" " ind1=" " tag="720">
      <subfield code="a">García-Mesa, Juan Carlos</subfield>
      <subfield code="e">author</subfield>
   </datafield>
   <datafield ind2=" " ind1=" " tag="720">
      <subfield code="a">López-Guerrero, María del Mar</subfield>
      <subfield code="e">author</subfield>
   </datafield>
   <datafield ind2=" " ind1=" " tag="720">
      <subfield code="a">Vereda-Alonso, Elisa Isabel</subfield>
      <subfield code="e">author</subfield>
   </datafield>
   <datafield ind2=" " ind1=" " tag="260">
      <subfield code="c">2023</subfield>
   </datafield>
   <datafield ind2=" " ind1=" " tag="520">
      <subfield code="a">A novel sorbent material employing magnetic nanoparticles (MNPs) coupled to graphene oxide (GO) functionalized with 4-aminobenzenesulfonic acid (M@GO-ABS) has been synthesized and applied to develop an inexpensive and automatic method for Cr(III) and Cr(VI) speciation in environmental samples; the developed method combines inductively coupled plasma optical emission spectrometry (ICP-OES) with on-line magnetic solid phase extraction (MSPE). Two magnetic-knotted reactors containing M@GO-ABS were installed in the eight-port injection valve of a flow injection (FI) manifold. Two different eluents were used, one for Cr(VI) (the most toxic chromium species) and one for total Cr concentration. Cr(III) concentration was calculated by the difference between Cr(VI) concentration and total Cr concentration. The optimized method presented detection limits&#xd;
(LOD, peak height) of 0.1 μg L</subfield>
   </datafield>
   <datafield ind1="8" ind2=" " tag="024">
      <subfield code="a">Morales-Benítez, Montoro-Leal, P., García-Mesa, J. C., López Guerrero, M. M., &amp; Vereda Alonso, E. (2023). New magnetic chelating sorbent for chromium speciation by magnetic solid phase extraction on-line with inductively coupled plasma optical emission spectrometry. Talanta (Oxford), 256, 124262–. https://doi.org/10.1016/j.talanta.2023.124262</subfield>
   </datafield>
   <datafield ind1="8" ind2=" " tag="024">
      <subfield code="a">https://hdl.handle.net/10630/26291</subfield>
   </datafield>
   <datafield ind1="8" ind2=" " tag="024">
      <subfield code="a">https://doi.org/10.1016/j.talanta.2023.124262</subfield>
   </datafield>
   <datafield tag="653" ind2=" " ind1=" ">
      <subfield code="a">Sólidos -- Propiedades magnéticas</subfield>
   </datafield>
   <datafield ind2="0" ind1="0" tag="245">
      <subfield code="a">New magnetic chelating sorbent for chromium speciation by magnetic solid phase extraction on-line with inductively coupled plasma optical emission spectrometry</subfield>
   </datafield>
</record>
</metadata></record></GetRecord></OAI-PMH>